000 00672nab a2200193 4500
001 244442
003 OSt
005 20260216091916.0
007 tu
008 260216s2020|||||||
040 _aDE-2950
_cDE-2950
245 0 0 _aWie geht es am alten Krankenhaus weiter?
_bWohnen. Das Quartier rund um das ehemalige Krankenhaus ist ein Schwerpunkt in der Stadtentwicklung. Eine wichtige Rolle spielt auch die Briesener Straße/
_cThomas Gutke
264 _c2025
653 _aFrankfurt (Oder)
653 _aStadtentwicklung
653 _aaltes Krankenhaus
773 0 _g37. Jahrgang (2026) Nr. 35 vom 11.02.2026 , S. 15 mit Fotos
_tMärkische Oderzeitung
942 _2z
_cA
999 _c374296
_d374296